000 00416nam a2200145Ia 4500
008 191111s9999 xx 000 0 und d
020 _a9781526446954
100 _aEasterby-Smith, Mark.
245 _cMark Easterby-Smith.--
_aManagement & business research /
250 _a6th ed
260 _aUSA :
_bSage
_c2018
300 _axxi, 440 pages.
650 _aBusiness -- Research
650 _aManagement -- Research
999 _c362583
_d362583